| 000 | 01617nam a2200373 c 4500 | ||
|---|---|---|---|
| 003 | BLK | ||
| 005 | 20250607112001.0 | ||
| 008 | 180413b bul|||||r ||||||| ||bul|| | ||
| 010 | _aKNG00025667000 | ||
| 020 |
_a954-459-545-7 _bиздат.: Хермес |
||
| 040 | _aBLK | ||
| 041 |
_aBUL _cBUL |
||
| 080 |
_aРуска литература _b821.161.1 _x-93-32 _z821.161.1-93-32 |
||
| 100 |
_aЧуковски, Корней Иванович _d1882 - 1969 _qКорнейчуков, Николай Василиевич _9364999 |
||
| 700 | 1 |
_aЯневска, София _eпрев. от рус. _9145677 |
|
| 139 |
_aЧуковски, Корней Иванович _bЧ 95 |
||
| 245 | 1 | 0 |
_aДоктор Охболи _bПовест _cКорней Иванович Чуковски; прев. от рус. София Яневска. |
| 250 | _aНово изд. | ||
| 257 | _aRUS | ||
| 260 |
_аПловдив _bХермес _c1998 _fПловдив : Полиграфия |
||
| 300 |
_a118 с. _bс ил. _c20 см |
||
| 380 | _aDX | ||
| 490 | 1 | _aЗлатно перо : Детско-юношеска класика | |
| 500 | _aОриг. загл. Доктор Айболит / Корней Чуковский. - Офс. изд. - 5060 тир. - Доп. тир. 2004, 2007. | ||
| 653 | _aповести | ||
| 653 | _aлитература за деца | ||
| 653 | _aдетска литература | ||
| 852 | _aЦб 199147 | ||
| 856 | 4 |
_qpdf _u |
|
| 856 | 4 |
_qpdf _u |
|
| 942 |
_cKNG _n0 _021 |
||
| 944 |
_aCR _c15.01.2003 _k30551 _lБояна Костадинова |
||
| 944 |
_aED _c01.06.2007 _k |
||
| 999 |
_c23194 _d23194 |
||